Paleographic features of formation of petroliferous layers of Vasyugan suite of Western Siberia; Bulletin of the Tomsk Polytechnic University; Vol. 311, № 1
| Parent link: | Bulletin of the Tomsk Polytechnic University/ Tomsk Polytechnic University (TPU).— , 2006-2007 Vol. 311, № 1.— 2007.— [P. 63-68] |
|---|---|
| Autore principale: | |
| Riassunto: | Заглавие с титульного листа Электронная версия печатной публикации It has been shown that active tectonic nodes present within Western Siberian Plate and associated with reformation of spatial wavefield with the periodicity of 18 million years, influences paleogeomorphological peculiarities of sedimentary basin and controls location of Upper Jurassic source area. Paleogeographic schemes of formation time of particular oil-and-gas bearing sand layers of horizon J1 of Vasyugan suite have been built for the first time |
| Lingua: | inglese |
| Pubblicazione: |
2007
|
| Serie: | Geology of oil and gas |
| Soggetti: | |
| Accesso online: | http://www.lib.tpu.ru/fulltext/v/Bulletin_TPU/2007/v311eng/i1/11.pdf |
| Natura: | MixedMaterials Elettronico Capitolo di libro |
| KOHA link: | https://koha.lib.tpu.ru/cgi-bin/koha/opac-detail.pl?biblionumber=182507 |
MARC
| LEADER | 00000nla2a2200000 4500 | ||
|---|---|---|---|
| 001 | 182507 | ||
| 005 | 20231031171323.0 | ||
| 035 | |a (RuTPU)RU\TPU\book\197847 | ||
| 035 | |a RU\TPU\book\197846 | ||
| 090 | |a 182507 | ||
| 100 | |a 20100622d2007 k y0rusy50 ca | ||
| 101 | 1 | |a eng |c rus | |
| 102 | |a RU | ||
| 135 | |a drnn ---uucaa | ||
| 200 | 1 | |a Paleographic features of formation of petroliferous layers of Vasyugan suite of Western Siberia |b Electronic resource |f V. B. Belozerov | |
| 203 | |a Text |c electronic | ||
| 215 | |a 1 файл (2.8 Мб) | ||
| 225 | 1 | |a Geology of oil and gas | |
| 230 | |a Электронные текстовые данные (1 файл : 2.8 Мб) | ||
| 300 | |a Заглавие с титульного листа | ||
| 300 | |a Электронная версия печатной публикации | ||
| 320 | |a [Bibliography: p. 68 (5 titles)] | ||
| 330 | |a It has been shown that active tectonic nodes present within Western Siberian Plate and associated with reformation of spatial wavefield with the periodicity of 18 million years, influences paleogeomorphological peculiarities of sedimentary basin and controls location of Upper Jurassic source area. Paleogeographic schemes of formation time of particular oil-and-gas bearing sand layers of horizon J1 of Vasyugan suite have been built for the first time | ||
| 337 | |a Adobe Reader | ||
| 461 | 1 | |0 (RuTPU)RU\TPU\book\169973 |t Bulletin of the Tomsk Polytechnic University |f Tomsk Polytechnic University (TPU) |d 2006-2007 | |
| 463 | 1 | |0 (RuTPU)RU\TPU\book\197808 |x 1684-8519 |t Vol. 311, № 1 |v [P. 63-68] |d 2007 |p 139 p. | |
| 610 | 1 | |a paleographic features | |
| 610 | 1 | |a petroliferous layers | |
| 610 | 1 | |a Vasyugan suite | |
| 610 | 1 | |a Western Siberia | |
| 610 | 1 | |a Western Siberian Plate | |
| 610 | 1 | |a tectonic nodes | |
| 610 | 1 | |a wavefields | |
| 610 | 1 | |a sedimentary basin | |
| 610 | 1 | |a Upper Jurassic source area | |
| 610 | 1 | |a paleogeomorphological peculiarities | |
| 610 | 1 | |a paleogeographic schemes | |
| 610 | 1 | |a sand layers | |
| 610 | 1 | |a труды учёных ТПУ | |
| 610 | 1 | |a электронный ресурс | |
| 675 | |a 550.242.122 |v 3 | ||
| 675 | |a 551.762(571) |v 3 | ||
| 700 | 1 | |a Belozerov |b V. B. |c geologist |c Professor of Tomsk Polytechnic University, doctor of geological-mineralogical Sciences |f 1951- |g Vladimir Borisovich |2 stltpush |3 (RuTPU)RU\TPU\pers\33275 | |
| 801 | 1 | |a RU |b 63413507 |c 20090623 |g PSBO | |
| 801 | 2 | |a RU |b 63413507 |c 20160810 |g PSBO | |
| 856 | 4 | |u http://www.lib.tpu.ru/fulltext/v/Bulletin_TPU/2007/v311eng/i1/11.pdf | |
| 942 | |c CF | ||